Profesor Mudr. Július Ladziansky

Bibliographic Details
Main Author: Polášek (Author)
Format: Article
Language:Slovak
Subjects:

MARC

LEADER 00000nab a2200000 a 4500
001 vtls000361101
003 SK-MaSNL
005 20260304081223.0
008 250424c1989 xo 0 slo
015 |a SNBRB19rr/mm-uuuuu 
035 |a CL0361223 
035 |a urn:nbn:sk:snk-ab6l8r 
035 |a (uuid)9cf0ff49-cb1d-4c5e-a5bc-054984853a5e 
035 |a (urnnbn)urn:nbn:sk:snk:ar-005g4u 
035 |a (sysno)vtls000361101 
040 |a SNKBUCL  |b slo  |c SNKBUCL  |e AACR2 
041 0 |a slo 
044 |a xo  |c SK 
080 |a 611-051  |2 1981 
080 |a 378.124  |2 1981 
080 |a 929 Ladziansky, Július  |2 1981 
100 1 |a Polášek  |4 aut  |9 1367698 
245 1 0 |a Profesor Mudr. Július Ladziansky  |c Polášek ; Július Ladziansky 
600 1 7 |a Ladziansky, Július  |d 1903-1943  |x profily  |2 snkbucl  |9 982142 
650 0 7 |a Ladziansky, Július  |2 snkbucl  |9 1369479 
655 7 |a články z novín a časopisov  |2 snkbucl  |9 267496 
773 0 |t Lekársky obzor  |g Roč. 38, č. 4 (1989), s. 224-225 
850 |a Slovenská národná knižnica 
852 |a Slovenská národná knižnica 
954 |a odborná, vedecká literatúra pôvodná (slovenská)  |2 lita 
958 |a article2022 
958 |a OND 
958 |a BX 
958 |a RK 
958 |a MI 
958 |a EUIPO 
992 |a RBX 
999 |c 2789971  |d 2791901